000 00215 a2200097 4500
001 42998
100 _aBeatty
245 _aHis country was the world
260 _aLondon
_bChatto & windus
_c
090 _c26874
_d26874
942 _aNUST-CAE
_cM
_c18751
999 _c278071
_d278071